London or New York? - Statistics

General Stats
  • This quiz has been taken 18 times
  • The average score is 10 of 15
Answer Stats
Question Answer % Correct
Features the famous tourist attraction "The Eye" London
100%
Possesses the nickname "Gotham" New York
100%
Hosts the primary headquarters of the United Nations New York
100%
Where Adele was born London
80%
Received more total visitors annually New York
80%
Is more dangerous by homicide rate New York
80%
Sits at a higher elevation London
73%
Has a more populous city proper London
67%
Has a busier airport London
60%
More Michelin-starred restaurants London
53%
Sees a higher net domestic migration loss New York
53%
Has a higher average rent New York
53%
Has the higher percentage of foreign-born residents London
47%
Is where Daniel Radcliffe lives New York
33%
Receives less rainfall annually London
20%
No matching quizzes found
Score Distribution
Percent of People with Each Score
Percentile by Number Answered
Your Score History
You have not taken this quiz